00323nam a2200121Ia 4500003000400000005001700004008004100021020001800062100002900080245005900109250001100168260002200179OSt20250122121137.0240827s9999 xx 000 0 und d a9788183283847 aAmb. Surendra Kumar, ed. 0aIndia and the world : through eyes of indian diplomats aLatest bWisdom Treec2016